000 00691nam a2200289Ia 4500
005 20260324134439.0
008 008 260324s9999 xx 000 0 eng d
020 _a9781315811031
037 _aEBOOK
040 _aCRL
040 _beng
040 _cCRL
041 _2eng
041 _aeng
084 _qCRL
100 _aJohn Christopher Cunningham
_91196848
245 0 _aRace-ing Masculinity
245 0 _bIdentity in Contemporary U.S. Writings
260 _bTaylor and Francis
260 _c2002
365 _a
365 _b230
856 _uhttp://www.taylorfrancis.com/books/9781315811031
942 _cEBOOK
999 _c1796962
_d1796962